De cuerpo presente : las ciencias cognitivas y la experiencia humana

Para las ciencias cognitivas, la experiencia humana cotidiana es hasta ahora un hecho importante pero difícil de incluir como tema de investigación. Los autores se proponen ir más allá de esta limitación formulando una teoría de la circularidad transformacional entre mente y experiencia. Esta invest...

Full description

Bibliographic Details
Main Author: Varela G., Francisco 1946-2001
Other Authors: Thompson, Evan, Rosch, Eleanor
Format: Libro
Language:Spanish
Published: Barcelona : Gedisa, 2011.
Edition:4ª ed.
Series:Ciencias Cognitivas
Subjects:
Online Access:

MARC

LEADER 00000nam a22000007a 4500
003 UAHC
005 20180426115908.0
008 180420s2011 sp ||||| |||| 00| 0 spa d
952 |0 0  |1 0  |2 ddc  |4 0  |6 153_400000000000000_VER  |7 0  |8 BAS  |9 89828  |a BS  |b BS  |c General  |d 2018-04-20  |e Compra  |g 24711.00  |l 4  |m 1  |o 153.4 VER  |p 1461096  |r 2025-11-26 00:00:00  |s 2023-05-25  |t c.1  |v 24711.00  |w 2018-04-20  |x OC:2103 / Factura:137080  |y BKS  |B TEATRO 
952 |0 0  |1 0  |2 ddc  |4 0  |6 153_400000000000000_VER  |7 0  |8 BAS  |9 89829  |a BS  |b BS  |c General  |d 2018-04-20  |e Compra  |g 24710.00  |l 7  |m 4  |o 153.4 VER  |p 1461111  |r 2025-11-26 00:00:00  |s 2024-11-26  |t c.2  |v 24710.00  |w 2018-04-20  |x OC:2103 / Factura:137170  |y BK  |B TEATRO 
999 |c 50413  |d 50413 
020 |a 9788474324198 
035 |a ARTES 
040 |a UAHC_CL  |c UAHC_CL  |d UAHC_CL 
082 |2 20  |a 153.4   |b V491 
100 |9 3137  |a Varela G., Francisco  |d 1946-2001 
245 |a De cuerpo presente :  |b las ciencias cognitivas y la experiencia humana  |c Francisco J. Verela, Evan Thompson, Eleanor Rosch. 
250 |a 4ª ed. 
260 |a Barcelona :   |b Gedisa,  |c 2011. 
300 |a 318 p. 
440 |9 3133  |a Ciencias Cognitivas 
490 |a Cla-De-Ma 
500 |a Incluye apéndices 291-298 p. 
504 |a Incluye bibliografía 299-318 p. 
504 |a Incluye notas bibliográficas. 
520 |a Para las ciencias cognitivas, la experiencia humana cotidiana es hasta ahora un hecho importante pero difícil de incluir como tema de investigación. Los autores se proponen ir más allá de esta limitación formulando una teoría de la circularidad transformacional entre mente y experiencia. Esta investigación se define, como una continuación moderna de la fenomenología de Maurice Merleau-Ponty que demuestra las fecundas perspectivas que se abren cuando las ciencias cognitivas se combinan con la filosofía budista. Esta, combinación permite superar la crisis del yo occidental, surgido a partir del reconocimiento de su falta de fundamento último. A este falso yo que dio lugar a posiciones nihilistas y pesimistas, se opone un sujeto en proceso, un sujeto que se va redefiniendo y reconociendo de un modo necesariamente parcial, descentrado y no originario o fundante de un movimiento en el que se articulan y reajustan constantemente los procesos cognitivos y la experiencia. El budismo enseña que la aceptación de la ausencia de fundamentos últimos puede llevar a nuevas perspectivas éticas y científicas, basadas en la compasión. Hay que repensar y redefinir este concepto más allá de la tradición cristiana para entender su alcance como un nuevo deseo de conocer que pueden dar un rumbo diferente a las metas de la ciencia contemporánea. 
650 0 |9 3134  |a Ciencia cognitiva 
650 0 |9 3135  |a Cognición 
650 0 |9 3136  |a Aprendizaje experimental 
700 |9 3138  |a Thompson, Evan 
700 |9 3139  |a Rosch, Eleanor 
942 |2 ddc  |c BK